Studies in Jurisprudence and Legal Theory /

Chi tiết về thư mục
Tác giả chính: Paranjape, N. V.
Định dạng: Sách
Ngôn ngữ:English
Được phát hành: Allahabad : Central Law Agency, 2004.
Những chủ đề:
Classic Catalogue: View this record in Classic Catalogue
LEADER 00976nam a2200265 a 4500
001 15194
003 BD-DhAAL
005 20260513172222.0
008 100218s2004 ii b 001 0 eng d
040 |a DLC  |c DLC  |d DLC  |d BD-DhAAL 
082 0 0 |a 342/.54  |2 22 
100 1 |a Paranjape, N. V.  |9 60735 
245 1 4 |a Studies in Jurisprudence and Legal Theory /  |c by N. V. Paranjape. 
260 |a Allahabad :  |b Central Law Agency,  |c 2004. 
300 |a xxix, 390 pages ;  |c 25 cm. 
504 |a Includes bibliographical references and index. 
541 1 |e 00015194 
650 0 |a Constitutional law  |z India.  |9 60736 
650 0 |a Social legislation  |z India.  |9 60737 
650 0 |a Civil rights  |z India. 
651 0 |a India  |x Social policy. 
852 4 |a Ayesha Abed Library  |j General shelf  
942 |2 ddc  |c BK 
999 |c 7619  |d 7619 
952 |0 0  |1 0  |2 ddc  |4 0  |6 342_540000000000000_PAR_2004  |7 0  |9 8320  |a BRACUL  |b BRACUL  |c GEN  |d 2010-02-18  |l 16  |m 63  |o 342.54 PAR  |p 3010015194  |r 2026-01-13  |s 2025-09-22  |t 1  |w 2010-02-18  |y BK